00950nam a2200253 a 4500999001500000001000600015003000900021005001700030008004100047020001500088020001800103040003800121082001800159245010400177260005600281300004700337490003900384504005100423650003100474650003000505700003300535942001200568952011600580 c3832d383219283BD-DhUAP20200312145351.0200312r20032002enka b 001 0 eng d a0521653800 a9780521653800 aBD-DhUAPcBD-DhUAPdBD-DhUAPbEng00a418.4 ISS223 aIssues in computer-adaptive testing of reading proficiency /cedited by Micheline Chalhoub-Deville. aCambridge : bCambridge University Press,c©1999. axvii, 238 pages :billustrations ;c23 cm. aStudies in language testing ;v10. aIncludes bibliographical references and index. aComputer adaptive testing  aReading--Ability testing. aChalhoub-Deville, Micheline  2ddccBK 00102ddc4070aUAPCLbUAPCLcGeneral Stacksd2020-03-12o418.4 ISSp3010019283r2020-03-12t1w2020-03-12yBK